000 00798nam a2200229Ia 4500
001 77761
003 153412
005 20250206063553.0
008 000918s2000 ck ||||||m| 000 0 spa d
245 0 _aEstudio de reubicación de viviendas localizadas en sectores de alto riesgo del municipio de Chinchina, Caldas
260 _c2000.
562 _e1
650 0 _aAsentamientos urbanos
_92184
650 0 _aESPECIALIZACIÓN EN PROYECTOS DE DESARROLLO--TESIS Y DISERTACIONES ACADÉMICAS
_935350
650 _aESTUDIO DE MERCADO
_914173
650 0 _aImpacto ambiental
_97534
650 _aMANIZALES, CALDAS (COLOMBIA)
_94912
650 _aPLANIFICACION DE LA VIVIENDA
_999348
650 _aPROYECTOS DE DESARROLLO
_999349
650 _aTESIS Y DISERTACIONES ACADÉMICAS
_999350
942 _cTESIS
999 _c77761
_d77761